000 01202nam a22002057a 4500
003 JO-AjAnu
005 20240708090656.0
008 240706b jo ||||| |||| 00| 0 ara d
040 _cJO-AjAnu
041 _aara
100 1 _aعباس ، ابتهال رمضان
_966001
_eمعد
245 0 _aاثر ابتكارات التكنولوجيا المالية على ادارة المخاطر في المصارف الاسلامية الأردنية = The impact of Fintech Innovations on Risk Management in Jordanian islamic Banks /
_cاعداد ابتهال رمضان عباس ؛ إشراف محمد عبد الكريم المومني؛ محمد طعمة القضاة
260 _c2024
300 _a131ورقة
500 _a رسالة جامعية (ماجستير) .- جامعة عجلون الوطنية (عجلون، الأردن)، كلية الأعمال ، تخصص االمصارف الاسلامية، 2024
650 7 0 _aالبنوك الاسلامية - ادارة المخاطر
_966002
700 1 _aالمومني، محمد عبدالكريم
_965206
_eمشرف رئيسيا
700 1 _aالقضاة ، محمد طعمة
_966003
_eمشرف مشاركا
942 _2lcc
_cTHS
_n0
999 _c33557
_d33557